Statistics for Countries Ending In -R

Click here to take the quiz!

General Stats

  • This quiz has been taken 45 times
    (33 since last reset)
  • The average score is 4 of 7

Answer Stats

Countries% Correct
Niger
79%
Qatar
68%
Madagascar
57%
Myanmar
54%
Ecuador
50%
El Salvador
43%
East Timor
39%

Score Distribution

Percentile by Number Answered

Percent of People with Each Score

Your Score History

You have not taken this quiz since the last reset